[Event "Liffre op"]
[Site "Liffre"]
[Date "2016.10.23"]
[Round "2"]
[White "Safa, Cyril"]
[Black "Petkov, Vladimir"]
[Result "0-1"]
[WhiteElo "1874"]
[BlackElo "2517"]
[PlyCount "58"]
[EventDate "2016.10.22"]
[EventType "swiss"]
[EventRounds "9"]
[EventCountry "FRA"]
[SourceTitle "CBM 175 Extra"]
[Source "ChessBase"]
[SourceDate "2016.12.12"]
[SourceVersion "1"]
[SourceVersionDate "2016.12.12"]
[SourceQuality "1"]

1. e4 e5 2. Nc3 Nf6 3. f4 d5 4. exd5 exf4 5. d4 Nxd5 6. Nxd5 Qxd5 7. Qe2+ Be6 8. Nf3 Qf5 9. Qb5+ Qxb5 10. Bxb5+ c6 11. Bd3 Bd6 12. 0-0 h6 13. c4 Nd7 14. Bd2 0-0 15. Rfd1 Rad8 16. b4 Rfe8 17. a4 g5 18. Bc3 Bf8 19. a5 Bg7 20. Rac1 Bg4 21. Rd2 Re3 22. a6 bxa6 23. h3 Bxf3 24. gxf3 Rxf3 25. Be4 Rg3+ 26. Kh2 Nb6 27. Ba1 Ra3 28. Bb2 Ra2 29. Rcc2 Rxb2 0-1